00625nam a2200193Ia 4500008004100000020001500041041000800056082002100064100002600085245009200111250000600203260003800209365001100247650002200258650001900280942001200299999001900311952010100330140306s9999 xx 000 0 und d a8185076558 aeng a307.1412bMAL/RE aMeelay, Mukhopadhayay aResouree planning and its impact on rural development : a case study of purulia distrit a1 aAllahabadbVohra publishersc1989 bRs.230 aEconomic resource aHuman resource 2ddccBK c182098d182098 00102ddc4070aKAUCBVbKAUCBVg230.00l0o307.1412 MAL/REr2014-03-22 00:00:00w2014-03-22yBK